| 000 | 00678nam a2200229 a 4500 | ||
|---|---|---|---|
| 999 |
_c3884 _d3884 |
||
| 001 | 3884 | ||
| 003 | BD-JhCC | ||
| 005 | 20190416134017.0 | ||
| 008 | 171119s1996 bg |||| |||| 000 0 ben d | ||
| 020 | _a9848141111 | ||
| 035 | _a(BD-JhCC) 3884 | ||
| 040 |
_aBD-JhCC _dBD-JhCC |
||
| 041 | _aben | ||
| 082 |
_a808.53 _bPAL 1996 |
||
| 100 | _aপাল, বিরূপাক্ষ | ||
| 245 |
_aবিতর্ক চিন্তন / _c বিরূপাক্ষ পাল |
||
| 260 |
_aঢাকা : _bপড়ুয়া, _c১৯৯৬. |
||
| 300 |
_a৬৪ পৃ. : _c২১ সেমি. |
||
| 650 | _aDebate and debating | ||
| 942 |
_2ddc _cBK _02 |
||